000
00322 a2200157 4500
260
_a
Paris
260
_b
Masson
245
_a
Diététique infantile
100
_a
Chevallier, B.
260
_c
1996
300
_a
260 p.
035
_a
8198
999
_c
18110
_d
18110